|
|
|
|
| LEADER |
00000nam a2200000 a 4500 |
| 001 |
UCY1477 |
| 003 |
CL-VaPUC |
| 008 |
940905e19910000US |||||||||||||||||eng|d |
| 082 |
0 |
4 |
|a 621.385
|b BIG
|2 21
|
| 100 |
0 |
|
|a Bigelow, Stephen J
|e author
|9 329475
|
| 700 |
0 |
|
|a Fike, John L
|e author
|9 329476
|
| 700 |
0 |
|
|a Friend, George E
|e author
|9 329477
|
| 245 |
1 |
0 |
|a Understanding telephone electronics
|
| 250 |
|
|
|a 3a. ed
|
| 300 |
|
|
|a 367 p
|
| 942 |
|
|
|c BK
|
| 945 |
|
|
|d 19940905 00:00:00
|a mfernand
|
| 260 |
|
|
|a Indianápolis
|b Smas
|c 1991
|
| 650 |
|
7 |
|a TELEFONO
|2 CL-VaPUC
|9 263652
|
| 583 |
|
|
|a last modification
|c 19940905 00:00:00
|k Rodrigo Vera
|
| 999 |
|
|
|c 230171
|d 230169
|
| 952 |
|
|
|0 0
|1 0
|4 0
|6 621_385000000000000_BIG_1991
|7 0
|8 A
|9 232214
|a BIBING
|b BIBING
|d 2019-11-15
|i 3017176
|o 621.385 BIG 1991
|p 3017176
|r 2025-01-20
|w 2019-11-15
|y BK
|k EIE
|